| 000 | 00521cam a22002171 4500 | ||
|---|---|---|---|
| 001 | sa 68009752 | ||
| 003 | DLC | ||
| 005 | 20260227112546.0 | ||
| 008 | 950117s1966 ii 000 0 tamo | ||
| 010 | _asa 68009752 | ||
| 035 | _a(OCoLC)31829426 | ||
| 040 |
_aDLC _cCU _dCU _dDLC |
||
| 042 | _apremarc | ||
| 050 | 0 | 0 |
_aPL4758.9.B44 _bZ897 1966 |
| 100 | 0 |
_aPi. Śrī, _d1892-1981. |
|
| 245 | 1 | 0 | _aPārati. |
| 260 | _c[1966] | ||
| 300 |
_a116 p. _c19 cm. |
||
| 500 | _aIn Tamil. | ||
| 600 | 0 | 0 |
_aPāratiyār, _d1882-1921. |
| 999 |
_c83114 _d83114 |
||